| 000 | 01077nam a22002657a 4500 | ||
|---|---|---|---|
| 999 |
_c22615 _d22615 |
||
| 003 | AR-CdUCM | ||
| 008 | 190409b ||||| |||| 00| 0 spa d | ||
| 020 | _a9786124453199 | ||
| 040 |
_aMUNICIPALIDAD PROVINCIAL DEL CUSCO _cBIBLIOTECA MUNICIPAL DEL CUSCO |
||
| 082 |
_a324.650985/E5 _bE5 |
||
| 245 |
_aElecciones bajo la lupa : _binformes de las misiones internacionales de observación electoral sobre las Elecciones Generales 2021 en el Perú / _ccuidado de edición, Enrique Hulerig Villegas |
||
| 260 |
_aLima : _bJurado Nacional de Elecciones, _c2022. |
||
| 300 |
_a859 páginas. : _bilustraciones, diagramas, retratos ; _c24 cm. |
||
| 500 | _zIncluye referencias bibliográficas | ||
| 650 |
_aObservación electoral _948636 |
||
| 650 |
_aElecciones _91677 |
||
| 650 |
_aPresidentes _91678 |
||
| 650 |
_aParticipación ciudadana _94011 |
||
| 650 |
_aPolítica y gobierno _92693 |
||
| 650 |
_aSiglo XXI _948671 |
||
| 700 |
_aHulerig, Enrique _eeditor _948672 |
||
| 710 |
_aJurado Nacional de Elecciones _tentidad editora _948650 |
||
| 942 |
_2ddc _cLIBROS |
||
| 945 | _arac | ||